El nuevo procedimiento regulado en la ley nº19.496 sobre protección de los derechos de los consumidores
保存先:
| 第一著者: | |
|---|---|
| フォーマット: | 図書 |
| 言語: | スペイン語 |
| 出版事項: |
Santiago
LexisNexis
2004
|
| 版: | 1a. ed |
| 主題: | |
| タグ: |
タグ追加
タグなし, このレコードへの初めてのタグを付けませんか!
|
MARC
| LEADER | 00000nam a2200000 a 4500 | ||
|---|---|---|---|
| 001 | UCK1558 | ||
| 003 | CL-VaPUC | ||
| 008 | 041119e20040900CL |||||||||||||||||spa|d | ||
| 020 | |a 9562385043 | ||
| 082 | 0 | 4 | |a 343.071 |b COR |2 21 |
| 100 | 0 | |a Cortez Matcovich, Gonzalo |e author |9 489430 | |
| 245 | 1 | 3 | |a El nuevo procedimiento regulado en la ley nº19.496 sobre protección de los derechos de los consumidores |
| 250 | |a 1a. ed | ||
| 300 | |a 145 p | ||
| 942 | |c BK | ||
| 945 | |d 20041119 00:00:00 |a vberengu | ||
| 260 | |a Santiago |b LexisNexis |c 2004 | ||
| 500 | |a http://www.lexisnexis.cl | ||
| 650 | 0 | |a Consumidores |9 315658 | |
| 650 | 0 | |a Protección al consumidor |9 255293 | |
| 650 | 0 | |a Derechos del consumidor |9 367388 | |
| 583 | |a last modification |c 20180910 10:59:51 |k Rodrigo Vera | ||
| 999 | |c 311468 |d 311466 | ||
| 952 | |0 0 |1 0 |4 0 |6 343_071000000000000_COR_2004 |7 0 |8 A |9 380859 |a BIBDER |b BIBDER |d 2019-11-21 |i 4079566 |o 343.071 COR 2004 |p 4079566 |r 2023-01-25 |w 2019-11-21 |y BK |k DER | ||